PARA VER EL CINE/

TRADUCCION DE: POUR LIRE LE CINEMA ET LES NOUVELLES IMAGES

保存先:
書誌詳細
第一著者: Bachy, Victor (autor)
フォーマット: 図書
タグ: タグ追加
タグなし, このレコードへの初めてのタグを付けませんか!

MARC

LEADER 00000nam^a2200000^a^4500
001 000215054
005 20250521000000.0
009 20260310103615.88
020 |a 84-7151-657-8 
035 |a 038292 
037 |a Acervo Xavier Clavigero 
082 |a 771. 0  |b BAC 
100 |a Bachy, Victor  |e (autor) 
245 1 0 |a PARA VER EL CINE/  |c VICTOR BACHY; TR.NICOLAS DARRICAL 
264 |a ESPAÑA :  |b VERBO DIVINO,  |c 1991 
300 |a 152p. :  |b il., tbs. 
336 |a texto  |b txt  |2 rdacontenido 
337 |a sin mediación  |b n  |2 rdamedio 
338 |a volumen  |b nc  |2 rdasoporte 
520 |a TRADUCCION DE: POUR LIRE LE CINEMA ET LES NOUVELLES IMAGES 
649 |a XX 
910 |a Fondo General 
920 |a Impresos - Libros 
930 |a Colección General 
905 |a 101 
901 |a 038292  |b IT1  |c ACC  |i 038292  |u 20250521 
902 |a https://opac.biblio.iteso.mx/vufind/Record/000215054